| 000 | 00526nam a2200181Ia 4500 | ||
|---|---|---|---|
| 003 | GCL | ||
| 008 | 140319s9999 xx 000 0 ara d | ||
| 040 |
_aGCL / _cGCL |
||
| 082 | 0 | 4 |
_aق _b346.62 _bم ق |
| 100 | 1 | _aمحمد صبيح | |
| 245 | 1 | 0 |
_aقصة الارض فى اقليم مصر / _cمحمد صبيح |
| 300 | _a118 ص | ||
| 490 |
_aالمكتبة الثقافية _v0 |
||
| 650 | 0 | 4 | _aاصلاح الاراضى |
| 650 | 0 | 4 | _aمصر - تاريخ |
| 650 | 0 | 4 | _aاصلاح الاراضى - مصر |
| 942 |
_2ddc _cBK |
||
| 999 |
_c51642 _d51642 |
||